| 000 | 02147cab a22004095a 4500 | ||
|---|---|---|---|
| 001 | L144900 | ||
| 008 | 080819s2008 xxk f g 000 0 eng d | ||
| 035 | _a(Sirsi) u144900 | ||
| 041 | 0 | _aeng | |
| 100 | 1 | _aSalmon, Kenneth T. | |
| 245 | 0 | 4 |
_aThe enforcement of adjudicators' awards under the Housing Grants Construction and Regeneration Act 1996 _bPart 28 |
| 260 | _c2008 | ||
| 490 |
_aArbitration _v2008 |
||
| 520 | _aArticle looks at a series of decisions that have raised issues for decision making when reviewing the enforcement of adjudicator's awards under the provisions of the Enforcement of Adjudicators' Awards under the Housing Grants Construction and Regeneration Act 1996. | ||
| 590 | _aKA | ||
| 650 | 2 | 4 | _aBENNETT (ELECTRICAL) SERVICES LTD V INVIRON LTD |
| 650 | 2 | 4 | _aCANTILLON LTD V URVASCO LTD |
| 650 | 2 | 4 | _aRJT CONSULTING ENGINEERS LTD V DM ENGINEERING (NORTHERN IRELAND) LTD |
| 650 | 2 | 4 | _aTHE SCHEME FOR CONSTRUCTION CONTRACTS (ENGLAND & WALES) REGULATIONS 1998 |
| 650 | 2 | 4 | _aGALLIFORD TRY CONSTRUCTION LTD V MICHAEL HEAL ASSOCIATES LTD |
| 650 | 2 | 4 | _aHATMET LTD V HERBERT |
| 650 | 2 | 4 | _aHG CONSTRUCTION LTD V ASHWELL HOMES (EAST ANGLIA) LTD |
| 650 | 2 | 4 | _aHOUSING GRANTS, CONSTRUCTION AND REGENERATION ACT 1996 |
| 650 | 2 | 4 | _aTRUSTEES OF THE STRATFIELD SAYE ESTATE V AHL CONSTRUCTION LTD |
| 650 | 2 | 4 | _aMANAGEMENT SOLUTIONS & PROFESSIONAL CONSULTANTS LTD V BENNETT ELECTRICAL SERVICES LTD (NO 1) |
| 650 | 2 | 4 | _aQUIETFIELD LTD V VASCROFT CONTRACTORS LTD |
| 650 | 2 | 4 | _aREINWOOD LTD V L BROWN AND SONS LTD |
| 650 | 2 | 4 | _aTOTAL M&E SERVICES LTD V ABB BUILDING TECHNOLOGIES LTD (FORMERLY ABB STEWART LTD) |
| 650 | 2 | 4 | _aTREASURE & SON LTD V DAWES |
| 650 | 2 | 4 | _aDEAN & DYBALL CONSTRUCTION LTD KENNETH GRUBB ASSOCIATES |
| 650 | 2 | 4 | _aEDMUND NUTTALL LTD V R G CARTER LTD |
| 650 | 2 | 4 | _aAMBER CONSTRUCTION SERVICES LTD V LONDON INTERSPACE HG LTD |
| 650 | 2 | 4 | _aAC YULE AND SON LTD V SPEEDWELL ROOFING & CLADDING LTD |
| 651 | 4 |
_aUnited Kingdom _y |
|
| 690 | _aMANAGEMENT-DISPUTE AVOIDANCE, MANAGEMENT AND RESOLUTION-DISPUTE MANAGEMENT AND RESOLUTION-ALTERNATIVE DISPUTE RESOLUTION-ADJUDICATION | ||
| 942 | _n0 | ||
| 999 |
_c80630 _d80630 |
||